Classement ligue 2 saison 2025/2026 - Statistiques

Statistiques générales
  • Ce quiz a été pris 26 fois
  • Le résultat moyen est 14 sur 18
Statistiques - réponses
Hint Points Réponse % Correct
2 62pts Le Mans
100%
1 67pts Troyes
100%
4 58pts Red Star
95%
5 58pts Rodez
95%
3 60pts Saint-Etienne
95%
17 28pts Bastia
90%
16 32pts Laval
80%
8 51pts Montpellier
80%
9 45pts Pau
80%
6 56pts Reims
80%
7 52pts Annecy
75%
18 24pts Amiens
70%
13 37pts Clermont
70%
14 37pts Nancy
70%
10 43pts Dunkerque
65%
12 39pts Grenoble
65%
11 40pts Guingamp
65%
15 36pts Boulogne
60%
Aucun quiz correspondant
Distribution des résultats
% des personnes avec chaque résultat
Percentile par nombre de réponses
Votre historique - résultats
Vous n’avez pas pris ce quiz